| 000 | 01038cam a22002651 4500 | ||
|---|---|---|---|
| 001 | he 68003097 | ||
| 003 | DLC | ||
| 005 | 20260227111504.0 | ||
| 008 | 710901s1966 is 000 0 eng | ||
| 010 | _ahe 68003097 | ||
| 025 | _aPL480:Is-3961 | ||
| 040 |
_aDLC _cDLC _dDLC |
||
| 043 | _aa-is--- | ||
| 050 | 0 | 0 |
_aHD7256.I8 _bC46 |
| 100 | 1 | _aChigier, E. | |
| 245 | 1 | 0 |
_aV.R.A. programs in Israel, _cedited by E. Chigier with the supervision of E. Adler. |
| 260 |
_a[Tel-Aviv, _c1966] |
||
| 300 |
_a100 p. _c25 cm. |
||
| 350 | _aN.T. | ||
| 500 | _a"Prepared under a V.R.A. grant for distribution to participants in the Tenth World Congress of the International Society for Rehabilitation of the Disabled, Wiesbaden, Germany, September 11-17, 1966." | ||
| 650 | 0 |
_aVocational rehabilitation _zIsrael. |
|
| 650 | 0 |
_aRehabilitation _zIsrael. |
|
| 710 | 1 |
_aUnited States. _bDepartment of Health, Education, and Welfare. _bVocational Rehabilitation Administration. |
|
| 710 | 2 | _aInternational Society for Rehabilitation of the Disabled. | |
| 999 |
_c33787 _d33787 |
||